Pintor por imagen del cuadro - Estadísticas

Estadísticas generales
  • Esta prueba ha sido intentada 259 veces
  • La puntuación promedio es 40 de 180
Estadísticas de respuestas
Imagen Respuesta % Correcto
Leonardo da Vinci
98%
Miguel Ángel
91%
Vincent van Gogh
86%
Sandro Botticelli
85%
Diego Velázquez
84%
Edvard Munch
82%
Francisco de Goya
80%
Pablo Picasso
78%
Salvador Dalí
78%
El Bosco
74%
Frida Kahlo
74%
Bansky
72%
Gustav Klimt
72%
Andy Warhol
71%
Joaquin Sorolla
66%
Rafael Sanzio
66%
Johannes Vermeer
65%
Peter Paul Rubens
64%
Claude Monet
61%
Eugène Delacroix
58%
El Greco
57%
Rembrandt
53%
Jan van Eyck
51%
Caravaggio
48%
Édouard Manet
46%
Fernando Botero
46%
Wassilly Kandinsky
46%
Edgar Degas
45%
Paul Gauguin
43%
Fra Angélico
42%
Pierre-Auguste Renoir
41%
Piet Mondrian
41%
Joan Miró
40%
Edward Hopper
39%
René Magritte
39%
Henri Matisse
38%
Caspar David Friedrich
34%
Georges Pierre Seurat
34%
Jackson Pollock
34%
Jacques-Louis David
34%
Tiziano
34%
Artemisia Gentileschi
32%
J. M. W. Turner
30%
Théodore Géricault
30%
Jean-Honoré Fragonard
29%
Francisco de Zurbarán
28%
Jean-François Millet
28%
Andrea Mantegna
27%
Amedeo Modigliani
26%
Pieter Brueghel el Viejo
26%
Alberto Durero
25%
Paul Cézanne
25%
Anton van Dyck
24%
Canaletto
24%
Jean-Michel Basquiat
22%
Katsushika Hokusai
22%
Roy Lichtenstein
22%
Tintoretto
22%
Alfons Mucha
21%
Frans Hals
21%
Camille Pissarro
20%
Georges Braque
20%
Ingres
20%
John Constable
20%
John Everett Millais
20%
Juan Gris
20%
Tamara de Lempicka
20%
Clara Peeters
19%
Francis Bacon
19%
Remedios Varo
19%
Henri de Toulouse-Lautrec
18%
Henri Rousseau
18%
Sofonisba Anguissola
18%
Yayoi Kusama
18%
Marc Chagall
17%
Piero della Francesca
17%
Yves Klein
17%
Apeles
16%
Giotto di Bondone
16%
Gustave Courbet
16%
Lucian Freud
16%
Marià Fortuny
16%
Mark Rothko
16%
Maruja Mallo
16%
Max Ernst
16%
William Blake
16%
William Morris
16%
Antonio López García
15%
Antoni Tàpies
15%
Domenico Ghirlandaio
15%
Paul Klee
15%
Alfred Sisley
14%
Berthe Morisot
14%
Dante Gabriel Rossetti
14%
David Hockney
14%
Diego Rivera
14%
Georgia O'Keeffe
14%
Giorgio de Chirico
14%
Giovanni Bellini
14%
Grant Wood
14%
Hermanos Limbourg
14%
Kazimir Malévich
14%
Mary Cassatt
14%
Jasper Johns
13%
Odilon Redon
13%
Hilma af Klint
12%
M. C. Escher
12%
Nicolas Poussin
12%
Angelica Kauffmann
11%
Cassius Marcellus Coolidge
11%
Egon Schiele
11%
Ernst Ludwig Kirchner
11%
Jacob Jordaens
11%
Marcel Duchamp
11%
Paul Signac
11%
Takashi Murakami
11%
Victor Hugo
11%
Delaunay
10%
Fernand Léger
10%
David Bowie
9%
Johann Heinrich Füssli
9%
Joseph Wright
9%
Lucas Cranach el Viejo
9%
Otto Dix
9%
Santiago Rusiñol
9%
Tarsila do Amaral
9%
Bouguereau
8%
Jan Matejko
8%
Willem de Kooning
8%
Francis Picabia
7%
Honoré Daumier
7%
Iván Shishkin
7%
Jean Arp
7%
John Ruskin
7%
Maria Primachenko
7%
Philip Guston
7%
William Hogarth
7%
August Macke
6%
Camille Corot
6%
James Tissot
6%
Jeff Koons
6%
Emil Nolde
5%
Gerhard Richter
5%
Iliá Repin
5%
Pierre Bonnard
5%
Raoul Dufy
5%
Alfred Kubin
4%
Frank Stella
4%
Giovanni Battista Piranesi
4%
Hendrick Avercamp
4%
Joan Ponç
4%
Utamaro
4%
Zdzislaw Beksinski
4%
Albert Bierstadt
3%
El Lisitski
3%
Giorgio Morandi
3%
Isaak Levitán
3%
Iván Aivazovski
3%
Jean Dubuffet
3%
Louise Bourgeois
3%
Oskar Kokoschka
3%
Paula Rego
3%
Frédéric Bazille
2%
Toshusai Sharaku
2%
Utagawa Kuniyoshi
2%
Alekséi Savrásov
1%
Aubrey Beardsley
1%
Cindy Sherman
1%
Cy Twombly
1%
Félix Vallotton
1%
Frank Auerbach
1%
Helen Frankenthaler
1%
Lászlo Moholy-Nagy
1%
Lyonel Feininger
1%
Martiros Sarian
1%
Natalia Goncharova
1%
Nikolái Roerich
1%
Qi Baishi
1%
Sean Scully
1%
Sol LeWitt
1%
No se encontraron pruebas coincidentes
Distribución de puntuación
Porcentaje de gente con cada puntuación
Porcentaje por número respondido
Historial de tus puntuaciones
No has intentado esta prueba.